000 00842cab a2200241 4500
001 ABS58489
008 090401t1998 xxu||||| |||| 00| 0 eng d
035 _a(Sirsi) u84945
041 _aeng
100 _aMasters, J.
245 _aAbundant opportunities
260 _c1998
350 _a0
490 _aConstruction Manager
_v4(2) March 1998, 12-13(2)
520 _aConstruction career opportunities have improved due to improvements in the market place. Recruitment consultants explain what employers are looking for in prospective employees and what they can expect in return.
650 _aCAREER OPPORTUNITIES
650 _aCONSTRUCTION INDUSTRY
650 _aEMPLOYMENT TRENDS
650 _aRECRUITMENT CONSULTANTS
690 _aMANAGEMENT-BUSINESS MANAGEMENT-PROFESSIONAL PRACTICE
942 _n0
948 _c17/03/1998
999 _c53405
_d53405